| 000 | 00533nam a2200229Ia 4500 | ||
|---|---|---|---|
| 003 | OSt | ||
| 005 | 20220928150220.0 | ||
| 006 | a|||||r|||| 00| 0 | ||
| 007 | ta | ||
| 008 | 220927b |||||||| |||| 00| 0 eng d | ||
| 024 | _a89095 | ||
| 037 | _cTextual | ||
| 040 |
_aSDCL _cSDCL _beng |
||
| 041 |
_2eng _aeng |
||
| 082 | _aW94, M3 | ||
| 100 | _aSmith Anthony D | ||
| 245 | 0 | _aTheories of nationalism | |
| 250 | _a2 | ||
| 260 | _c1983 | ||
| 942 |
_hW94, M3 _cTEXL _2CC |
||
| 999 |
_c840838 _d840838 |
||